000 004980000a22001810004500
003 MACL
005 20160129120457.0
008 160129b xxu||||| |||| 00| 0 eng d
040 _aMACL
_cMACL
041 _aEnglish
082 _a333/ARI
100 _aArihant Prakashan
_931539
245 _aClerks'Grade Recruitment Exam
_bState bank of india & Associate bank
260 _bArihant Publications Pvt. Ltd. Meerut
_aMeerut
350 _a295
650 _aBanking
_9281
942 _cBK
_k333/ARI
_2ddc
999 _c44774
_d44774